00457nam a2200133Ia 4500008004100000082001700041100003400058245006000092260003000152300000800182942001200190999001900202952010200221210430s9999 xx 000 0 und d a297.38 Z215F aHazrat Molana Muhammad Zakria aFazail e Darood Sharif /cHazrat Molana Muhammad Zakria aLahorebKutub Khana Faizi a120 cBK2ddc c565198d565198 00102ddc4070aSCMEbSCMEcGENd0004-06-15o297.38 Z215FpSCME-4487r2021-04-30w2021-04-30yBK